The Galveston era : the Texas crescent on the eve of secession /

Bibliographic Details
Main Author: Fornell, Earl Wesley
Format: Book
Language:English
Published: Austin : University of Texas Press, [1961]
Subjects:

MARC

Tag First Indicator Second Indicator Subfields
LEADER 00000cam a2200000 4500
001 in00000080227
005 20190207093455.0
008 751010n1961 txu 00000 eng
010 |a  61013316  
035 |a (OCoLC)01692974 
035 |9 AAJ6802AM 
040 |a DLC  |c DZM  |d OCL  |d TXA  |d UtOrBLW 
049 |a TXAM [Also in] [Sp Coll]  |c 1 [342768]  |a TXAS  |c 2 [368111] 
050 0 0 |a F394.G2  |b F6 
082 0 |a 976.4139 
100 1 |a Fornell, Earl Wesley. 
245 1 4 |a The Galveston era :  |b the Texas crescent on the eve of secession /  |c Woodcuts by Lowell Collins. 
264 1 |a Austin :  |b University of Texas Press,  |c [1961] 
300 |a 355 pages :  |b illustrations ;  |c 24 cm. 
336 |a text  |b txt  |2 rdacontent 
337 |a unmediated  |b n  |2 rdamedia 
338 |a volume  |b nc  |2 rdacarrier 
500 |a The Cushing Library/Chapman Texas Collection copy is part of the Floyd & Louise Chapman Texas & Borderlands Collection.  |5 TXA 
504 |a Includes bibliography. 
536 |a This book is given through the estate of M.D. "Bert" Wheeler, College Station, TX, 1999. 
651 0 |a Galveston (Tex.)  |x History. 
999 |a MARS 
999 f f |s a4846514-c1b5-3efc-9ec2-84e63776a3ea  |i 82eb3bbb-0885-3642-90b1-cd1fda256679  |t 0 
952 f f |p noncirc  |a Texas A&M University  |b College Station  |c Cushing Memorial Library & Archives  |d Cushing: Chapman Texas Collection (Does not check out)  |t 0  |e F394.G2 F6  |h Library of Congress classification  |i unmediated -- volume  |m A14806065843 
952 f f |p normal  |a Texas A&M University  |b College Station  |c Sterling C. Evans Library  |d Evans: Library Stacks  |t 0  |e F394.G2 F6  |h Library of Congress classification  |i unmediated -- volume  |m A14827044519 
952 f f |p noncirc  |a Texas A&M University  |b College Station  |c Cushing Memorial Library & Archives  |d Cushing: Kelsey Americana (Does not check out)  |t 0  |e F394.G2 F6  |h Library of Congress classification  |i unmediated -- volume 
998 f f |a F394.G2 F6  |t 0  |l Cushing: Kelsey Americana (Does not check out) 
998 f f |a F394.G2 F6  |t 0  |l Cushing: Chapman Texas Collection (Does not check out) 
998 f f |a F394.G2 F6  |t 0  |l Evans: Library Stacks